Statistics for Top 50 NBA Player Of All Time

Click here to take the quiz!

General Stats

  • This quiz has been taken 30 times
  • The average score is 31 of 50

Answer Stats

#Answer% Correct
33Larry Bird
100%
6Lebron James
100%
23Michael Jordan
100%
24Kobe Bryant
96%
34Shaquille O'neal
96%
30Stephen Curry
96%
34Hakeem Olajuwon
92%
33Kareem Abdul-Jabbar
92%
32Magic Jhonson
92%
6Bill Russell
88%
35Kevin Durant
88%
44Jerry West
85%
21Tim Duncan
85%
13Wilt Chamberlain
85%
3Dwayne Wade
81%
50David Robinson
77%
3Allen Iverson
73%
32Karl Malone
73%
21Kevin Garnett
73%
6Julius Erving
69%
2Moses Malone
69%
34Charles Barkley
65%
33Patrick Ewing
65%
0Russell Westbrook
65%
11Isiah Thomas
62%
12John Stockton
62%
2Kawhi Leonard
62%
33Scottie Pippen
62%
5Jason Kidd
54%
34Ray Allen
54%
14Oscar Robertson
50%
19Wilis Reed
50%
3Chris Paul
46%
22Elgin Baylor
46%
31Reggie Miller
46%
13Steve Nash
46%
32Bill Walton
42%
9Bob Petit
42%
22Clyde Drexler
42%
1Tracy Mcgrady
38%
41Wes Unseld
38%
17John Havlicek
35%
7Pete Maravich
35%
4Chris Webber
31%
21Dominique Wilkins
31%
11Bob McAdoo
27%
41Dirk Nowitzki
27%
32Kevin McHale
23%
34Paul Pierce
12%
4Sidney Moncrief
8%

Score Distribution

Percentile by Number Answered

Percent of People with Each Score

Your Score History

You have not taken this quiz